[Event "NK vrouwen"]
[Site "Utrecht, Netherlands"]
[Date "2024.07.06"]
[Round "1.1"]
[White "De Mie, Mariska"]
[Black "Cordes, Jule"]
[Result "0-1"]
[WhiteElo "2105"]
[BlackElo "1900"]
[PlyCount "82"]

1. e4 e6 2. d4 d5 3. Nd2 Nf6 4. e5 Nfd7 5. c3 c5 6. f4 Nc6 7. Ndf3 cxd4 8. cxd4
f6 9. Bd3 Qb6 10. a3 Be7 11. Ne2 a5 12. b3 O-O 13. h4 Kh8 14. Bc2 Rf7 15. Qd3
Nf8 16. h5 Qc7 17. Nh4 Kg8 18. Ng6 f5 19. Nxe7+ Qxe7 20. Be3 b6 21. Ng1 Ba6 22.
Qd2 Rc8 23. Nf3 Qd8 24. Rg1 Rfc7 25. Ra2 Qe8 26. h6 g6 27. g4 Kh8 28. Bf2 fxg4
29. Rxg4 Ne7 30. Bh4 Nf5 31. Bf6+ Kg8 32. Nh4 Nxd4 33. Bxg6 hxg6 34. Qxd4 Qb5
35. Kf2 Rc2+ 36. Rxc2 Rxc2+ 37. Kg3 Qxb3+ 38. Nf3 Be2 39. h7+ Nxh7 40. Rxg6+
Kf8 41. Bg7+ Kf7 0-1

[Event "NK vrouwen"]
[Site "Utrecht, Netherlands"]
[Date "2024.07.06"]
[Round "1.1"]
[White "Gergin, Isafara"]
[Black "Verheij, Dana"]
[Result "1/2-1/2"]
[WhiteElo "1818"]
[BlackElo "1956"]
[PlyCount "82"]

1. e4 c5 2. Nf3 d6 3. d4 cxd4 4. Nxd4 Nf6 5. Nc3 Nc6 6. Bc4 e6 7. Be3 Be7 8.
O-O O-O 9. Bb3 a6 10. f4 Na5 11. Qf3 Nxb3 12. axb3 Rb8 13. Qg3 Re8 14. f5 Kh8
15. Qf3 Qc7 16. g4 d5 17. exd5 Nxd5 18. Nxd5 exd5 19. c3 Bd6 20. Rf2 Bd7 21. f6
Rg8 22. Bg5 Be5 23. h3 Qd6 24. Rd1 Rbe8 25. Nf5 Bxf5 26. Qxf5 h6 27. fxg7+ Rxg7
28. Bf4 Bxf4 29. Qxf4 Qxf4 30. Rxf4 Re2 31. Rf2 Re5 32. Rfd2 f5 33. Rxd5 Rxd5
34. Rxd5 fxg4 35. hxg4 Rxg4+ 36. Kf2 Kh7 37. Kf3 Rg7 38. b4 Kg6 39. b5 axb5 40.
Rxb5 h5 41. Kg3 Re7 1/2-1/2

[Event "NK vrouwen"]
[Site "Utrecht, Netherlands"]
[Date "2024.07.06"]
[Round "1.1"]
[White "Den Heijer, Rolinde"]
[Black "Damen, Josephine"]
[Result "1/2-1/2"]
[WhiteElo "1966"]
[BlackElo "1784"]
[PlyCount "128"]

1. e4 e5 2. Nf3 Nc6 3. Bc4 Nf6 4. d3 Bc5 5. c3 d6 6. Bb3 O-O 7. O-O Bb6 8. Nbd2
Be6 9. Nc4 h6 10. h3 Ne7 11. Re1 Bxc4 12. Bxc4 Ng6 13. Nh2 Kh7 14. Qf3 Qe7 15.
g3 c6 16. Kg2 Rad8 17. Ng4 Ng8 18. Ne3 Qf6 19. Qe2 Bc7 20. h4 Qe7 21. Rh1 Qd7
22. Bb3 N6e7 23. Bc2 Kh8 24. Ng4 Bb6 25. a4 a5 26. Bd2 f5 27. exf5 Nxf5 28. Ne3
Rde8 29. Raf1 d5 30. Ng4 Bc7 31. Bc1 Nf6 32. Ne3 e4 33. dxe4 Nxe4 34. Nxf5 Rxf5
35. Qd3 Ref8 36. Be3 Qf7 37. Qe2 Rf3 38. Bxe4 dxe4 39. Bc5 Re8 40. Be3 Qh5 41.
Qc4 Qg4 42. Rh3 Ref8 43. Qd4 R8f6 44. h5 R3f5 45. Qd1 Rxf2+ 46. Bxf2 Rxf2+ 47.
Kxf2 Qxh3 48. Ke2 Qxg3 49. Kd2 Qd3+ 50. Kc1 Qe3+ 51. Kb1 Qh3 52. Qe2 Qe6 53.
Re1 Qf5 54. Rf1 Bf4 55. Ka1 Qe5 56. Qg4 e3 57. Qxf4 e2 58. Qf8+ Kh7 59. Re1 Qd5
60. Rc1 Qe4 61. Qf2 Qxa4+ 62. Kb1 Qe4+ 63. Ka2 Qa4+ 64. Kb1 Qe4+ 1/2-1/2

[Event "NK vrouwen"]
[Site "Utrecht, Netherlands"]
[Date "2024.07.06"]
[Round "1.1"]
[White "Roebers, Bregje"]
[Black "Westerhof, Fleur"]
[Result "0-1"]
[WhiteElo "1884"]
[BlackElo "1939"]
[PlyCount "90"]

1. e4 e5 2. Nc3 Nf6 3. d4 exd4 4. Qxd4 Nc6 5. Qd3 Bc5 6. Bf4 O-O 7. f3 Nh5 8.
Qd5 Bf2+ 9. Kxf2 Nxf4 10. Qd2 Ng6 11. g3 d6 12. h4 Nge5 13. g4 Be6 14. Nd5 Bxd5
15. exd5 Ne7 16. Kg3 f5 17. g5 f4+ 18. Kf2 c6 19. dxc6 bxc6 20. Bh3 Qb6+ 21.
Kg2 Qxb2 22. Ne2 Qa3 23. c3 d5 24. Nd4 Nc4 25. Qd3 Qb2+ 26. Ne2 Ng6 27. Be6+
Kh8 28. Rhb1 Qa3 29. Rb3 Qe7 30. Bg4 Nge5 31. Qb1 Nxg4 32. Nd4 Nge3+ 33. Kf2
Qd7 34. Qh1 c5 35. Ne2 Rab8 36. Rab1 Rxb3 37. Rxb3 Qc7 38. h5 Ne5 39. Nxf4 Rxf4
40. Kxe3 Rxf3+ 41. Ke2 c4 42. Rb4 Rf8 43. h6 Nd3 44. hxg7+ Qxg7 45. Rb5 Qe5+
0-1

[Event "NK vrouwen"]
[Site "Utrecht, Netherlands"]
[Date "2024.07.07"]
[Round "1.2"]
[White "Cordes, Jule"]
[Black "De Mie, Mariska"]
[Result "0-1"]
[WhiteElo "1900"]
[BlackElo "2105"]
[PlyCount "112"]

1. d4 g6 2. c4 Bg7 3. Nc3 d6 4. e4 e5 5. d5 a5 6. Bd3 Na6 7. Nge2 Nh6 8. Ng3
Nc5 9. Bc2 Qh4 10. Be3 b6 11. Qd2 f6 12. f3 Nf7 13. Nb5 Na6 14. O-O-O Bh6 15.
Kb1 Bxe3 16. Qxe3 Qh6 17. Qf2 Bd7 18. h4 Qg7 19. Rhf1 Nh6 20. h5 O-O-O 21. Qd2
Kb7 22. Nc3 Nc5 23. Ka1 Rhg8 24. Rf2 g5 25. Nf1 Ra8 26. Ne3 g4 27. fxg4 Nxg4
28. Nxg4 Bxg4 29. Rh1 Raf8 30. Bd1 Bd7 31. g4 Qe7 32. Rg2 Rg5 33. Rhg1 Rfg8 34.
Qe3 Qg7 35. Qh3 h6 36. Kb1 Be8 37. Qf3 Bxh5 38. Rf2 Bxg4 39. Qxf6 Qxf6 40. Rxf6
h5 41. Rh6 R8g7 42. a3 Bxd1 43. Rxd1 Rf7 44. b4 axb4 45. axb4 Na6 46. b5 Nc5
47. Rd2 Rf3 48. Rc2 Rgg3 49. Na2 Rg1+ 50. Nc1 Rff1 51. Rc3 Nxe4 52. Rc2 Nc5 53.
Rc3 Rd1 54. Rxh5 Nd3 55. Kc2 Rxc1+ 56. Kxd3 Rg3+ 0-1

[Event "NK vrouwen"]
[Site "Utrecht, Netherlands"]
[Date "2024.07.07"]
[Round "1.2"]
[White "Verheij, Dana"]
[Black "Gergin, Isafara"]
[Result "1-0"]
[WhiteElo "1956"]
[BlackElo "1818"]
[PlyCount "131"]

1. e4 c6 2. Nf3 d5 3. d3 dxe4 4. dxe4 Qxd1+ 5. Kxd1 Nf6 6. Nfd2 Nbd7 7. a4 a5
8. f3 e6 9. c3 Bc5 10. Kc2 O-O 11. Nb3 Bb6 12. Na3 Nc5 13. Nd2 Bc7 14. b3 b6
15. Be2 Ba6 16. Bxa6 Nxa6 17. Nac4 Nc5 18. Nf1 Rfd8 19. Be3 Nfd7 20. Ng3 b5 21.
Nb2 Bb6 22. Bf4 h6 23. Rhd1 e5 24. Bd2 Nf8 25. Nf5 Ra7 26. Be3 Rxd1 27. Rxd1
bxa4 28. bxa4 Rb7 29. Nc4 Nfd7 30. Nxb6 Rxb6 31. Rd6 Rb7 32. Rxc6 Nxa4 33. Bc1
Ra7 34. Ne7+ Kh7 35. Nd5 Nac5 36. Be3 Ra6 37. Rc7 a4 38. Bxc5 Nxc5 39. Rxc5 a3
40. Kb1 Rg6 41. Ne3 Rb6+ 42. Ka2 Rb2+ 43. Kxa3 Re2 44. Ng4 Rxg2 45. Rxe5 Rd2
46. Kb4 Kg6 47. h4 f6 48. h5+ Kf7 49. Rd5 Rb2+ 50. Kc5 Rc2 51. c4 Rc3 52. Rf5
Ke6 53. Kd4 Rc1 54. Ne3 Kd6 55. Ra5 Ke6 56. Ra6+ Kf7 57. c5 Ke8 58. Rd6 Ra1 59.
c6 Ra6 60. Kd5 Ra5+ 61. Kd4 Ra6 62. Kc5 Ra1 63. c7 Ra8 64. Kb6 Ke7 65. Nf5+ Ke8
66. Kb7 1-0

[Event "NK vrouwen"]
[Site "Utrecht, Netherlands"]
[Date "2024.07.07"]
[Round "1.2"]
[White "Damen, Josephine"]
[Black "Den Heijer, Rolinde"]
[Result "0-1"]
[WhiteElo "1784"]
[BlackElo "1966"]
[PlyCount "92"]

1. e4 c5 2. Nf3 d6 3. d4 cxd4 4. Nxd4 Nf6 5. Nc3 a6 6. Be3 e5 7. Nb3 Be7 8. f3
Be6 9. Qd2 h5 10. O-O-O Nbd7 11. Kb1 Rc8 12. f4 b5 13. f5 Bc4 14. Bd3 Qc7 15.
Qe2 b4 16. Nd5 Nxd5 17. exd5 Bxd3 18. Qxd3 a5 19. h3 h4 20. Rhg1 Bf6 21. Nd2
Ke7 22. Ne4 a4 23. Rge1 Qb7 24. Bf2 Rc7 25. Re2 Qa8 26. b3 Rhc8 27. Qb5 axb3
28. cxb3 Qa3 29. Be3 Rb8 30. Qa4 Qxa4 31. bxa4 Ra8 32. Kb2 Rxa4 33. Kb3 Ra8 34.
Bd2 Ra3+ 35. Kxb4 Rxa2 36. Re3 Rb7+ 37. Kc3 Ra3+ 38. Kc2 Rc7+ 39. Rc3 Raxc3+
40. Bxc3 Nc5 41. Nxf6 Kxf6 42. Be1 Kxf5 43. Bxh4 g5 44. g4+ Ke4 45. Be1 Nd3+
46. Bc3 Nf4 0-1

[Event "NK vrouwen"]
[Site "Utrecht, Netherlands"]
[Date "2024.07.07"]
[Round "1.2"]
[White "Westerhof, Fleur"]
[Black "Roebers, Bregje"]
[Result "1-0"]
[WhiteElo "1939"]
[BlackElo "1884"]
[PlyCount "161"]

1. e4 g6 2. d4 Bg7 3. Nc3 c6 4. Be3 d5 5. exd5 cxd5 6. Nf3 Bg4 7. h3 Bxf3 8.
Qxf3 e6 9. Bb5+ Nc6 10. O-O Nge7 11. Rad1 O-O 12. Qe2 h5 13. Qd2 Nf5 14. Bxc6
bxc6 15. Na4 Re8 16. Nc5 Qe7 17. c3 Rad8 18. Rfe1 f6 19. Nd3 Nd6 20. Nc5 Nc4
21. Qc1 e5 22. b3 Nb6 23. Nd3 Qc7 24. dxe5 fxe5 25. Bh6 e4 26. Bxg7 Kxg7 27.
Qf4 Qe7 28. Nb4 Rd6 29. Rxe4 Qxe4 30. Qxd6 Qe2 31. Rf1 Re6 32. Qc7+ Re7 33.
Qxc6 Qe5 34. Qc5 Rc7 35. Qd4 Qxd4 36. cxd4 a5 37. Nd3 Rc2 38. a4 Rd2 39. Nc5
Kf7 40. Nb7 Rxd4 41. Nxa5 Rb4 42. Re1 d4 43. Kf1 Nd5 44. Re5 Nc3 45. Ke1 Kf6
46. Re8 d3 47. Rd8 Nxa4 48. bxa4 Rxa4 49. Nc6 Rc4 50. Rd6+ Kg7 51. Nd8 Rc1+ 52.
Kd2 Rc2+ 53. Ke3 Re2+ 54. Kf3 Re5 55. Rxd3 Rf5+ 56. Ke3 Re5+ 57. Kf4 Rf5+ 58.
Kg3 Rg5+ 59. Kh2 Ra5 60. Rf3 Ra6 61. Nb7 Rc6 62. Na5 Rc5 63. Nb3 Rd5 64. Nc1
Re5 65. Nd3 Re4 66. Rf4 Re2 67. g4 hxg4 68. hxg4 Kh6 69. Rf6 Kg7 70. Rxg6+ Kxg6
71. Nf4+ Kg5 72. Nxe2 Kxg4 73. f4 Kf5 74. Kg3 Kf6 75. Kg4 Kg6 76. f5+ Kf6 77.
Kf4 Kg7 78. Kg5 Kg8 79. Kg6 Kh8 80. Kf7 Kh7 81. Ke7 1-0

[Event "NK vrouwen"]
[Site "Utrecht, Netherlands"]
[Date "2024.07.08"]
[Round "2.1"]
[White "Kazarian, Anna-Maja"]
[Black "Den Heijer, Rolinde"]
[Result "1-0"]
[WhiteElo "2184"]
[BlackElo "1966"]
[PlyCount "61"]
[EventDate "2024.??.??"]

1. e4 c5 2. Nf3 d6 3. d4 cxd4 4. Nxd4 Nf6 5. Nc3 a6 6. h3 e5 7. Nde2 h5 8. g3
Be6 9. Bg2 Be7 10. O-O O-O 11. Be3 b5 12. a3 Nbd7 13. f4 Nb6 14. f5 Bc8 15. Kh2
Bb7 16. Qd3 Nbd7 17. b4 Nb6 18. Rad1 Rc8 19. Bf3 Rc4 20. g4 hxg4 21. hxg4 d5
22. g5 Nxe4 23. Bxe4 Bxg5 24. Bc5 Be7 25. Bxe7 Qxe7 26. f6 Qc7 27. Bh7+ Kh8 28.
Qh3 e4+ 29. Kg2 Qc8 30. Bf5+ Kg8 31. Qh7# 1-0

[Event "NK vrouwen"]
[Site "Utrecht, Netherlands"]
[Date "2024.07.08"]
[Round "2.1"]
[White "Verheij, Dana"]
[Black "Duson, Robin"]
[Result "0-1"]
[WhiteElo "1956"]
[BlackElo "2148"]
[PlyCount "51"]
[EventDate "2024.??.??"]

1. e4 e5 2. Bc4 Nf6 3. d3 Bc5 4. Nc3 O-O 5. f4 d5 6. Nxd5 Be6 7. Nxf6+ Qxf6 8.
Bxe6 fxe6 9. Qh5 Nd7 10. Ne2 exf4 11. Rf1 e5 12. d4 exd4 13. Bxf4 Bb4+ 14. c3
dxc3 15. Qd5+ Kh8 16. O-O-O cxb2+ 17. Kb1 Nb6 18. Qb3 Qe7 19. Ng3 a5 20. Qc2
Qe6 21. Qxc7 Nc4 22. Qd7 Bc3 23. Qa4 b5 24. Qb3 b4 25. a4 Nd2+ 26. Bxd2 0-1

[Event "NK vrouwen"]
[Site "Utrecht, Netherlands"]
[Date "2024.07.08"]
[Round "2.1"]
[White "Keetman, Maaike"]
[Black "De Mie, Mariska"]
[Result "1/2-1/2"]
[WhiteElo "2126"]
[BlackElo "2105"]
[PlyCount "98"]
[EventDate "2024.??.??"]

1. e4 c5 2. Nc3 e6 3. Nf3 a6 4. d4 cxd4 5. Nxd4 b5 6. Bd3 Bb7 7. O-O Qc7 8. Re1
Bc5 9. Nb3 Be7 10. e5 Nc6 11. Qe2 f5 12. a4 b4 13. Nb1 Na5 14. N1d2 Nxb3 15.
Nxb3 h5 16. f4 h4 17. h3 Nh6 18. Be3 Nf7 19. Qf2 Rh6 20. Bb6 Qc8 21. Na5 Bd5
22. c4 bxc3 23. Rac1 Bb4 24. bxc3 Bxa5 25. Bxa5 Rg6 26. Bf1 Qc6 27. Rb1 Qxa4
28. Bb4 Qc6 29. Qxh4 d6 30. Qf2 Kd7 31. Ba5 dxe5 32. fxe5 Ng5 33. Kh2 Ne4 34.
Qd4 Ke7 35. Rb6 Qc8 36. c4 Bc6 37. Reb1 Kf7 38. R1b2 Qe8 39. Bd3 Rg5 40. Bd2
Rd8 41. Qe3 Rxd3 42. Qxd3 Rxg2+ 43. Kxg2 Nc5+ 44. Rxc6 Nxd3 45. Rb7+ Kg8 46.
Rcc7 Qg6+ 47. Kf1 Qh5 48. Rxg7+ Kf8 49. Bh6 Qxh6 1/2-1/2

[Event "NK vrouwen"]
[Site "Utrecht, Netherlands"]
[Date "2024.07.08"]
[Round "2.1"]
[White "Westerhof, Fleur"]
[Black "Kuipers-Haast, Anne"]
[Result "0-1"]
[WhiteElo "1939"]
[BlackElo "2294"]
[PlyCount "58"]
[EventDate "2024.??.??"]

1. e4 c5 2. Nf3 e6 3. d4 cxd4 4. Nxd4 Nc6 5. Nc3 Qc7 6. Be2 a6 7. Be3 Nf6 8.
O-O Be7 9. f4 d6 10. Qe1 O-O 11. Qg3 Bd7 12. Rad1 Nxd4 13. Bxd4 Bc6 14. Bd3
Rac8 15. Kh1 Rfe8 16. e5 Nh5 17. Qe3 dxe5 18. Bxe5 Qa5 19. Ne4 f5 20. Nc3 Nf6
21. Bd4 Bd8 22. Qg3 Qc7 23. Rfe1 Nh5 24. Qe3 Qxf4 25. Qg1 Bc7 26. Be3 Ng3+ 27.
hxg3 Qxg3 28. Bf2 Qh3+ 29. Qh2 Qxh2# 0-1

[Event "NK vrouwen"]
[Site "Utrecht, Netherlands"]
[Date "2024.07.09"]
[Round "2.2"]
[White "Den Heijer, Rolinde"]
[Black "Kazarian, Anna-Maja"]
[Result "0-1"]
[WhiteElo "1966"]
[BlackElo "2184"]
[PlyCount "78"]
[EventDate "2024.??.??"]

1. e4 c6 2. d4 d5 3. f3 Qb6 4. Nc3 dxe4 5. Bc4 e5 6. dxe5 Bc5 7. Nxe4 Qb4+ 8.
Nd2 Be3 9. Qe2 Bxd2+ 10. Bxd2 Qxb2 11. Rd1 Ne7 12. f4 Bf5 13. Bd3 O-O 14. Nf3
Qxa2 15. O-O c5 16. Bxf5 Nxf5 17. Qe4 Qe6 18. Ng5 Qg6 19. g4 Nd4 20. f5 Qc6 21.
Qd3 h6 22. Nf3 Rd8 23. Bc3 Nxf3+ 24. Qxf3 Rxd1 25. Qxd1 Nd7 26. Qd2 Re8 27. Qf4
b5 28. e6 fxe6 29. f6 Rf8 30. f7+ Kh7 31. g5 e5 32. Qf5+ g6 33. Qd3 h5 34. Bb2
Kg7 35. Qe3 Qe6 36. h3 Rxf7 37. Rd1 c4 38. Qxa7 Qxh3 39. Qa8 Qg4+ 0-1

[Event "NK vrouwen"]
[Site "Utrecht, Netherlands"]
[Date "2024.07.09"]
[Round "2.2"]
[White "Duson, Robin"]
[Black "Verheij, Dana"]
[Result "1-0"]
[WhiteElo "2148"]
[BlackElo "1956"]
[PlyCount "86"]
[EventDate "2024.??.??"]

1. d4 f5 2. g3 Nf6 3. Bg2 g6 4. Nf3 Bg7 5. O-O O-O 6. c4 d6 7. Nc3 c6 8. d5 e5
9. dxe6 Bxe6 10. b3 Qe7 11. Ba3 Rd8 12. Qd2 Na6 13. Rad1 Nc5 14. Ng5 Bd7 15.
Qxd6 Qxd6 16. Rxd6 Ne8 17. Rdd1 Nxb3 18. axb3 Bxc3 19. Be7 Bf6 20. Bxd8 Rxd8
21. h4 h6 22. Nf3 Nc7 23. Rd6 Be6 24. Rxd8+ Bxd8 25. Ne5 Kg7 26. e4 Be7 27. f4
Bc5+ 28. Kh2 Ne8 29. h5 gxh5 30. exf5 Bxf5 31. Bh3 Bc2 32. Rc1 Be4 33. Rd1 Nd6
34. Nd3 Bd4 35. Nf2 Bxf2 36. Rxd6 h4 37. gxh4 Bxh4 38. Rd7+ Kg6 39. Rxb7 a5 40.
Ra7 Be1 41. Re7 Bc2 42. Rxe1 Bxb3 43. c5 Bc2 1-0

[Event "NK vrouwen"]
[Site "Utrecht, Netherlands"]
[Date "2024.07.09"]
[Round "2.2"]
[White "De Mie, Mariska"]
[Black "Keetman, Maaike"]
[Result "0-1"]
[WhiteElo "2105"]
[BlackElo "2126"]
[PlyCount "102"]
[EventDate "2024.??.??"]

1. e4 e6 2. d4 d5 3. Nd2 c5 4. Ngf3 cxd4 5. Nxd4 Nf6 6. exd5 Nxd5 7. N2f3 Bb4+
8. Bd2 O-O 9. Bxb4 Nxb4 10. Qd2 N8c6 11. Nxc6 Qxd2+ 12. Kxd2 Nxc6 13. Re1 b6
14. Bd3 Bb7 15. c3 Rfd8 16. Kc2 Rac8 17. a3 Na5 18. Be4 Ba6 19. Rd1 Bc4 20. Rd4
Bb3+ 21. Kc1 f6 22. Rxd8+ Rxd8 23. Nd4 Bc4 24. Rd1 Nb3+ 25. Nxb3 Rxd1+ 26. Kxd1
Bxb3+ 27. Kd2 Kf7 28. Kd3 f5 29. Bc6 Ke7 30. f4 Kd6 31. Bf3 e5 32. fxe5+ Kxe5
33. c4 g5 34. Kc3 Ba4 35. Kb4 Bc2 36. c5 bxc5+ 37. Kxc5 g4 38. Bc6 f4 39. Bb5
Be4 40. Bf1 f3 41. gxf3 gxf3 42. Kc4 Kf4 43. Kd4 f2 44. b4 Bh1 45. h4 h5 46. a4
Kf3 47. Ke5 Bg2 48. Bc4 f1=Q 49. Bxf1 Bxf1 50. Kf5 Ke3 51. Kg5 Be2 0-1

[Event "NK vrouwen"]
[Site "Utrecht, Netherlands"]
[Date "2024.07.09"]
[Round "2.2"]
[White "Kuipers-Haast, Anne"]
[Black "Westerhof, Fleur"]
[Result "1-0"]
[WhiteElo "2294"]
[BlackElo "1939"]
[PlyCount "59"]
[EventDate "2024.??.??"]

1. e4 e5 2. Nf3 Nc6 3. Bb5 a6 4. Ba4 Nf6 5. O-O Be7 6. Re1 b5 7. Bb3 O-O 8. a4
b4 9. d4 d6 10. dxe5 dxe5 11. Nbd2 Bg4 12. h3 Bh5 13. c3 bxc3 14. bxc3 Qd3 15.
Re3 Qd7 16. Qe2 Rfd8 17. Bc4 Qc8 18. Nb3 Bg6 19. Ba3 Bxa3 20. Rxa3 Nh5 21. Bd5
Nf4 22. Qc4 Nxd5 23. exd5 Ne7 24. Rxe5 Qd7 25. Nc5 Qd6 26. Ra1 Rdb8 27. Rae1
Nf5 28. Nxa6 Rc8 29. Nb4 h6 30. g4 1-0

[Event "NK vrouwen"]
[Site "Utrecht, Netherlands"]
[Date "2024.07.10"]
[Round "3.1"]
[White "Kuipers-Haast, Anne"]
[Black "Duson, Robin"]
[Result "1-0"]
[WhiteElo "2294"]
[BlackElo "2148"]
[PlyCount "83"]
[EventDate "2024.??.??"]

1. e4 e5 2. Nf3 Nc6 3. Bb5 a6 4. Ba4 Nf6 5. O-O Be7 6. Re1 b5 7. Bb3 d6 8. c3
O-O 9. h3 Nb8 10. d4 Nbd7 11. Nbd2 Bb7 12. Bc2 Re8 13. Nf1 Bf8 14. Ng3 g6 15.
Bg5 h6 16. Bd2 Bg7 17. Bd3 d5 18. exd5 exd4 19. Rxe8+ Qxe8 20. cxd4 Nxd5 21. a4
N7b6 22. a5 Nd7 23. Qc2 Qf8 24. Ne4 f5 25. Ng3 Qd6 26. Re1 Rc8 27. Ne5 Nxe5 28.
dxe5 Qe7 29. Qc1 Qh4 30. Bxf5 gxf5 31. Nxf5 Qh5 32. Nxh6+ Bxh6 33. Bxh6 Kh7 34.
Bg5 Rg8 35. h4 Qg4 36. f3 Qg3 37. Re4 c5 38. e6 Nb4 39. Rf4 Nd3 40. Rf7+ Kg6
41. Qd2 Ne1 42. Rf6+ 1-0

[Event "NK vrouwen"]
[Site "Utrecht, Netherlands"]
[Date "2024.07.10"]
[Round "3.1"]
[White "Keetman, Maaike"]
[Black "Kazarian, Anna-Maja"]
[Result "1/2-1/2"]
[WhiteElo "2126"]
[BlackElo "2184"]
[PlyCount "77"]
[EventDate "2024.??.??"]

1. e4 e6 2. d4 d5 3. e5 c5 4. c3 Bd7 5. Nf3 Nc6 6. Be2 Nge7 7. Na3 cxd4 8. cxd4
Ng6 9. h4 Bb4+ 10. Kf1 Bxa3 11. bxa3 h6 12. Rb1 Qc7 13. Bd2 O-O 14. h5 Nge7 15.
g4 f6 16. exf6 Rxf6 17. g5 Rxf3 18. Bxf3 Nxd4 19. gxh6 Rf8 20. hxg7 Rxf3 21. h6
Kh7 22. Be3 Qc4+ 23. Kg2 Rxe3 24. fxe3 Qxa2+ 25. Kf1 Ndf5 26. Qd3 e5 27. Rxb7
Ng8 28. Rb8 d4 29. exd4 Qd5 30. Rh4 exd4 31. Rh5 Qf7 32. Rxg8 Qxg8 33. Rxf5
Bxf5 34. Qxf5+ Kxh6 35. Qf6+ Kh7 36. Qh4+ Kxg7 37. Qxd4+ Kg6 38. Qxa7 Qf7+ 39.
Qxf7+ 1/2-1/2

[Event "NK vrouwen"]
[Site "Utrecht, Netherlands"]
[Date "2024.07.11"]
[Round "3.2"]
[White "Duson, Robin"]
[Black "Kuipers-Haast, Anne"]
[Result "1-0"]
[WhiteElo "2148"]
[BlackElo "2294"]
[PlyCount "137"]
[EventDate "2024.??.??"]

1. d4 d5 2. c4 dxc4 3. Nf3 Nf6 4. e3 e6 5. Bxc4 c5 6. O-O a6 7. Re1 Nc6 8. Nc3
b5 9. Bd3 Bb7 10. a4 b4 11. Ne4 Nxe4 12. Bxe4 Na5 13. Bxb7 Nxb7 14. a5 Bd6 15.
Qa4+ Qd7 16. Qxd7+ Kxd7 17. Bd2 cxd4 18. exd4 Rhc8 19. Ne5+ Bxe5 20. Rxe5 Rc2
21. Bxb4 Rxb2 22. Be1 Rc8 23. d5 Kd6 24. Rg5 g6 25. dxe6 fxe6 26. Rd1+ Ke7 27.
h4 Rc5 28. Rg4 Rd5 29. Rc1 Nxa5 30. Bb4+ Kd7 31. h5 Nc6 32. Bc3 Rb3 33. hxg6
hxg6 34. Rxg6 Nd4 35. Rg7+ Kd6 36. Bxd4 Rxd4 37. Ra1 Rb6 38. Ra7 Ke5 39. R7xa6
Rxa6 40. Rxa6 Rd2 41. g3 Kf5 42. Ra5+ Kf6 43. Kg2 Rd3 44. f4 Rb3 45. Kh3 Rc3
46. Kh4 Rc1 47. Ra8 Kg6 48. Ra6 Kf6 49. g4 Rh1+ 50. Kg3 Rg1+ 51. Kf3 Rf1+ 52.
Ke3 Kf7 53. Ke4 Rb1 54. Ra7+ Kg6 55. Ra5 Re1+ 56. Kd4 Rd1+ 57. Ke3 Re1+ 58. Kf2
Rb1 59. Ra6 Kf7 60. Kg3 Rh1 61. g5 Rg1+ 62. Kf2 Rb1 63. Ra7+ Kf8 64. Kf3 Rb4
65. g6 Rb1 66. Kg4 Rb5 67. Rf7+ Ke8 68. Rh7 Rf5 69. Rh8+ 1-0

[Event "NK vrouwen"]
[Site "Utrecht, Netherlands"]
[Date "2024.07.11"]
[Round "3.2"]
[White "Kazarian, Anna-Maja"]
[Black "Keetman, Maaike"]
[Result "0-1"]
[WhiteElo "2184"]
[BlackElo "2126"]
[PlyCount "52"]
[EventDate "2024.??.??"]

1. e4 c5 2. Nf3 d6 3. d4 cxd4 4. Nxd4 Nf6 5. Nc3 Nc6 6. Bg5 e6 7. Qd2 a6 8.
O-O-O Be7 9. f4 Bd7 10. Nf3 b5 11. e5 b4 12. exf6 bxc3 13. Qxc3 gxf6 14. Bh4
Rg8 15. Bd3 Rc8 16. Bxa6 Rc7 17. Bb5 d5 18. Bxc6 Rxc6 19. Qd3 Qa5 20. Nd4 Qxa2
21. Rhg1 Bb4 22. c3 Rxc3+ 23. Qxc3 Bxc3 24. bxc3 Ba4 25. Rde1 Kd7 26. Re2 Qa1+
0-1

[Event "NK vrouwen"]
[Site "Utrecht, Netherlands"]
[Date "2024.07.12"]
[Round "4.1"]
[White "Keetman, Maaike"]
[Black "Kuipers-Haast, Anne"]
[Result "1-0"]
[WhiteElo "2126"]
[BlackElo "2294"]
[PlyCount "139"]
[EventDate "2024.??.??"]

1. e4 c5 2. Nf3 e6 3. d4 cxd4 4. Nxd4 Nc6 5. Nc3 Qc7 6. Be2 a6 7. Nxc6 dxc6 8.
O-O Bd7 9. f4 Bc5+ 10. Kh1 Ba7 11. Qd3 O-O-O 12. Qg3 g6 13. Be3 Bxe3 14. Qxe3
c5 15. Rad1 Ne7 16. Nb1 e5 17. Nc3 Be6 18. fxe5 Qxe5 19. Na4 Nf5 20. Qxc5+ Qxc5
21. Nxc5 Ne3 22. Rxd8+ Rxd8 23. Rf3 Bg4 24. Rxe3 Bxe2 25. Kg1 Rd2 26. Rc3 Kb8
27. Nb3 Rd1+ 28. Kf2 Bb5 29. Rf3 Rb1 30. Nd4 Be8 31. b3 Kc7 32. Rc3+ Kd8 33.
Nf3 f6 34. a4 Bc6 35. Re3 f5 36. exf5 gxf5 37. Nd4 Be4 38. g4 Rd1 39. Ne6+ Kc8
40. Rc3+ Kb8 41. Ng5 Rd2+ 42. Ke3 Rxh2 43. Nxe4 fxe4 44. Kxe4 Re2+ 45. Kf5 Re7
46. g5 Rd7 47. Ke6 Rg7 48. Kf6 Rg6+ 49. Kf5 Rg7 50. Rc5 Rg6 51. Re5 Rg7 52. Re6
Rf7+ 53. Rf6 Rg7 54. Kg4 Kc7 55. Kh5 Kd7 56. c4 Ke8 57. b4 Re7 58. Kh6 Rd7 59.
a5 Re7 60. b5 axb5 61. cxb5 Rd7 62. a6 bxa6 63. bxa6 Rd5 64. a7 Ra5 65. Kxh7
Rxa7+ 66. Kg8 Ra5 67. g6 Ke7 68. Rf1 Ra2 69. g7 Rb2 70. Rh1 1-0

[Event "NK vrouwen"]
[Site "Utrecht, Netherlands"]
[Date "2024.07.13"]
[Round "4.2"]
[White "Kuipers-Haast, Anne"]
[Black "Keetman, Maaike"]
[Result "0-1"]
[WhiteElo "2294"]
[BlackElo "2126"]
[PlyCount "42"]
[EventDate "2024.??.??"]

1. e4 e6 2. d4 d5 3. Nc3 dxe4 4. Nxe4 Nd7 5. Nf3 Ngf6 6. Nxf6+ Nxf6 7. Bd3 c5
8. Be3 Qc7 9. Qe2 a6 10. h4 Nd5 11. Ng5 h6 12. Nxf7 Qxf7 13. h5 Nf4 14. Bxf4
Qxf4 15. Rh3 Bd7 16. Bg6+ Kd8 17. Rf3 Qg5 18. dxc5 Kc7 19. b4 Rd8 20. g3 Bb5
21. Qxe6 Qd2# 0-1